Statistics for North American Landmarks

Click here to take the quiz!

General Stats

  • This quiz has been taken 24 times
  • The average score is 10 of 15

Answer Stats

Answer% Correct
Mount Rushmore
100%
Statue of Liberty
100%
Empire State Building
95%
Golden Gate Bridge
95%
The White House
91%
Hoover Dam
86%
Liberty Bell
86%
Pentagon
82%
Space Needle
82%
9/11 Monument
50%
Pearl Harbor
45%
Alamo
27%
Disney World
18%
Redwood National Park
5%
Old Quebec
0%

Score Distribution

Percentile by Number Answered

Percent of People with Each Score

Your Score History

You have not taken this quiz